The Walking Dead Villains Ranked (ScreenRant) - Statistics

General Stats
  • This quiz has been taken 51 times
  • The average score is 7 of 15
Answer Stats
Rank Villain % Correct
1. Negan
100%
4. Alpha
92%
2. The Governor
92%
3. Beta
76%
5. Shane
68%
9. Merle
50%
8. Simon
50%
7. Terminus
34%
12. Dawn
26%
15. Jadis
26%
14. Gregory
24%
11. The Wolves
21%
6. The Reapers
11%
13. Lizzie
8%
10. Dante
5%
No matching quizzes found
Score Distribution
Percent of People with Each Score
Percentile by Number Answered
Your Score History
You have not taken this quiz